000
00227nam a2200097Ia 4500
008
190216s9999||||xx |||||||||||||| ||und||
100
_a
Joseph K Alexander
245
0
_a
Panashashthram
260
_b
Kerala Basha Inst
942
_c
BK
999
_c
37857
_d
37857